<?xml version="1.0" encoding="UTF-8"?>
<record
    xmlns:xsi="http://www.w3.org/2001/XMLSchema-instance"
    xsi:schemaLocation="http://www.loc.gov/MARC21/slim http://www.loc.gov/standards/marcxml/schema/MARC21slim.xsd"
    xmlns="http://www.loc.gov/MARC21/slim">

  <leader>00690nam a22002417a 4500</leader>
  <controlfield tag="003">UA-OsUOA</controlfield>
  <controlfield tag="001"> 41390 </controlfield>
  <controlfield tag="007">ta</controlfield>
  <controlfield tag="008">20060922b un ||||| |||| 00| 0 ukr d</controlfield>
  <datafield tag="100" ind1=" " ind2=" ">
    <subfield code="a">&#x420;&#x43E;&#x43C;&#x435;&#x43D;&#x435;&#x446;&#x44C; &#x412;. &#x410;.</subfield>
  </datafield>
  <datafield tag="090" ind1=" " ind2=" ">
    <subfield code="a">159.9"654"</subfield>
    <subfield code="b">&#x420;70</subfield>
  </datafield>
  <datafield tag="942" ind1=" " ind2=" ">
    <subfield code="c">BK</subfield>
  </datafield>
  <datafield tag="040" ind1=" " ind2=" ">
    <subfield code="a">UA-OsUOA</subfield>
    <subfield code="b">ukr</subfield>
    <subfield code="c">UA-OsUOA</subfield>
    <subfield code="d">UA-OsUOA</subfield>
  </datafield>
  <datafield tag="245" ind1=" " ind2=" ">
    <subfield code="a">&#x406;&#x441;&#x442;&#x43E;&#x440;&#x456;&#x44F; &#x43F;&#x441;&#x438;&#x445;&#x43E;&#x43B;&#x43E;&#x433;&#x456;&#x457;: &#x425;V&#x406;&#x406; &#x441;&#x442;&#x43E;&#x43B;&#x456;&#x442;&#x442;&#x44F;. &#x415;&#x43F;&#x43E;&#x445;&#x430; &#x41F;&#x440;&#x43E;&#x441;&#x432;&#x456;&#x442;&#x43D;&#x438;&#x446;&#x442;&#x432;&#x430;</subfield>
    <subfield code="b">&#x43D;&#x430;&#x432;&#x447;. &#x43F;&#x43E;&#x441;.</subfield>
  </datafield>
  <datafield tag="300" ind1=" " ind2=" ">
    <subfield code="a">1000 &#x441;.</subfield>
  </datafield>
  <datafield tag="955" ind1=" " ind2=" ">
    <subfield code="a">2</subfield>
  </datafield>
  <datafield tag="041" ind1=" " ind2=" ">
    <subfield code="a">ukr</subfield>
  </datafield>
  <datafield tag="080" ind1=" " ind2=" ">
    <subfield code="a">159.9"654"</subfield>
  </datafield>
  <datafield tag="020" ind1=" " ind2=" ">
    <subfield code="a">966-06-0423-8</subfield>
  </datafield>
  <datafield tag="260" ind1=" " ind2=" ">
    <subfield code="a">&#x41A;.</subfield>
    <subfield code="b">&#x41B;&#x438;&#x431;&#x456;&#x434;&#x44C;</subfield>
    <subfield code="c">2006</subfield>
  </datafield>
  <datafield tag="650" ind1=" " ind2="7">
    <subfield code="a">159.9 &#x41F;&#x441;&#x438;&#x445;&#x43E;&#x43B;&#x43E;&#x433;&#x456;&#x44F;</subfield>
    <subfield code="2">UDC</subfield>
  </datafield>
  <datafield tag="999" ind1=" " ind2=" ">
    <subfield code="c">327529</subfield>
    <subfield code="d">327529</subfield>
  </datafield>
  <datafield tag="952" ind1=" " ind2=" ">
    <subfield code="0">0</subfield>
    <subfield code="1">0</subfield>
    <subfield code="2">udc</subfield>
    <subfield code="4">0</subfield>
    <subfield code="7">0</subfield>
    <subfield code="a">101</subfield>
    <subfield code="b">101</subfield>
    <subfield code="d">2007-02-23</subfield>
    <subfield code="e">41/2007</subfield>
    <subfield code="g">49.86</subfield>
    <subfield code="i">103562</subfield>
    <subfield code="l">0</subfield>
    <subfield code="p">103562</subfield>
    <subfield code="r">2021-10-29 00:00:00</subfield>
    <subfield code="w">2006-09-22</subfield>
    <subfield code="y">BK</subfield>
  </datafield>
  <datafield tag="952" ind1=" " ind2=" ">
    <subfield code="0">0</subfield>
    <subfield code="1">0</subfield>
    <subfield code="2">udc</subfield>
    <subfield code="4">0</subfield>
    <subfield code="7">0</subfield>
    <subfield code="a">101</subfield>
    <subfield code="b">101</subfield>
    <subfield code="d">2007-02-23</subfield>
    <subfield code="e">41/2007</subfield>
    <subfield code="g">49.86</subfield>
    <subfield code="i">103563</subfield>
    <subfield code="l">0</subfield>
    <subfield code="p">103563</subfield>
    <subfield code="r">2021-10-29 00:00:00</subfield>
    <subfield code="w">2006-09-22</subfield>
    <subfield code="y">BK</subfield>
  </datafield>
  <datafield tag="952" ind1=" " ind2=" ">
    <subfield code="0">0</subfield>
    <subfield code="1">0</subfield>
    <subfield code="2">udc</subfield>
    <subfield code="4">0</subfield>
    <subfield code="7">0</subfield>
    <subfield code="a">101</subfield>
    <subfield code="b">101</subfield>
    <subfield code="d">2007-02-23</subfield>
    <subfield code="e">41/2007</subfield>
    <subfield code="g">49.86</subfield>
    <subfield code="i">103564</subfield>
    <subfield code="l">0</subfield>
    <subfield code="p">103564</subfield>
    <subfield code="r">2021-10-29 00:00:00</subfield>
    <subfield code="w">2006-09-22</subfield>
    <subfield code="y">BK</subfield>
  </datafield>
  <datafield tag="952" ind1=" " ind2=" ">
    <subfield code="0">0</subfield>
    <subfield code="1">0</subfield>
    <subfield code="2">udc</subfield>
    <subfield code="4">0</subfield>
    <subfield code="7">0</subfield>
    <subfield code="a">101</subfield>
    <subfield code="b">101</subfield>
    <subfield code="d">2007-02-23</subfield>
    <subfield code="e">41/2007</subfield>
    <subfield code="g">49.86</subfield>
    <subfield code="i">103565</subfield>
    <subfield code="l">0</subfield>
    <subfield code="p">103565</subfield>
    <subfield code="r">2021-10-29 00:00:00</subfield>
    <subfield code="w">2006-09-22</subfield>
    <subfield code="y">BK</subfield>
  </datafield>
  <datafield tag="952" ind1=" " ind2=" ">
    <subfield code="0">0</subfield>
    <subfield code="1">0</subfield>
    <subfield code="2">udc</subfield>
    <subfield code="4">0</subfield>
    <subfield code="7">0</subfield>
    <subfield code="a">101</subfield>
    <subfield code="b">101</subfield>
    <subfield code="d">2007-02-23</subfield>
    <subfield code="e">41/2007</subfield>
    <subfield code="g">49.86</subfield>
    <subfield code="i">103566</subfield>
    <subfield code="l">1</subfield>
    <subfield code="o">159.9"654" &#x420;70</subfield>
    <subfield code="p">103566</subfield>
    <subfield code="q">2019-10-24</subfield>
    <subfield code="r">2019-07-26 00:00:00</subfield>
    <subfield code="s">2019-07-26</subfield>
    <subfield code="w">2006-09-22</subfield>
    <subfield code="y">BK</subfield>
  </datafield>
  <datafield tag="952" ind1=" " ind2=" ">
    <subfield code="0">0</subfield>
    <subfield code="1">0</subfield>
    <subfield code="2">udc</subfield>
    <subfield code="4">0</subfield>
    <subfield code="7">0</subfield>
    <subfield code="a">101</subfield>
    <subfield code="b">101</subfield>
    <subfield code="d">2016-07-05</subfield>
    <subfield code="e">30/2016</subfield>
    <subfield code="g">49.00</subfield>
    <subfield code="i">151659</subfield>
    <subfield code="l">0</subfield>
    <subfield code="p">151659</subfield>
    <subfield code="r">2021-11-01 00:00:00</subfield>
    <subfield code="w">2006-09-22</subfield>
    <subfield code="y">BK</subfield>
  </datafield>
  <datafield tag="952" ind1=" " ind2=" ">
    <subfield code="0">0</subfield>
    <subfield code="1">0</subfield>
    <subfield code="2">udc</subfield>
    <subfield code="4">0</subfield>
    <subfield code="7">0</subfield>
    <subfield code="a">102</subfield>
    <subfield code="b">102</subfield>
    <subfield code="d">2006-09-22</subfield>
    <subfield code="e">91/2006</subfield>
    <subfield code="g">49.86</subfield>
    <subfield code="i">98530</subfield>
    <subfield code="l">0</subfield>
    <subfield code="p">98530</subfield>
    <subfield code="r">2022-02-07 00:00:00</subfield>
    <subfield code="w">2006-09-22</subfield>
    <subfield code="y">BK</subfield>
  </datafield>
  <datafield tag="952" ind1=" " ind2=" ">
    <subfield code="0">0</subfield>
    <subfield code="1">0</subfield>
    <subfield code="2">udc</subfield>
    <subfield code="4">0</subfield>
    <subfield code="7">0</subfield>
    <subfield code="a">102</subfield>
    <subfield code="b">102</subfield>
    <subfield code="d">2006-09-22</subfield>
    <subfield code="e">91/2006</subfield>
    <subfield code="g">49.86</subfield>
    <subfield code="i">98531</subfield>
    <subfield code="l">0</subfield>
    <subfield code="p">98531</subfield>
    <subfield code="r">2022-02-07 00:00:00</subfield>
    <subfield code="w">2006-09-22</subfield>
    <subfield code="y">BK</subfield>
  </datafield>
  <datafield tag="952" ind1=" " ind2=" ">
    <subfield code="0">0</subfield>
    <subfield code="1">0</subfield>
    <subfield code="2">udc</subfield>
    <subfield code="4">0</subfield>
    <subfield code="7">0</subfield>
    <subfield code="a">102</subfield>
    <subfield code="b">102</subfield>
    <subfield code="d">2006-09-22</subfield>
    <subfield code="e">91/2006</subfield>
    <subfield code="g">49.86</subfield>
    <subfield code="i">98532</subfield>
    <subfield code="l">0</subfield>
    <subfield code="p">98532</subfield>
    <subfield code="r">2022-02-07 00:00:00</subfield>
    <subfield code="w">2006-09-22</subfield>
    <subfield code="y">BK</subfield>
  </datafield>
  <datafield tag="952" ind1=" " ind2=" ">
    <subfield code="0">0</subfield>
    <subfield code="1">0</subfield>
    <subfield code="2">udc</subfield>
    <subfield code="4">0</subfield>
    <subfield code="7">0</subfield>
    <subfield code="a">102</subfield>
    <subfield code="b">102</subfield>
    <subfield code="d">2006-09-22</subfield>
    <subfield code="e">91/2006</subfield>
    <subfield code="g">49.86</subfield>
    <subfield code="i">98533</subfield>
    <subfield code="l">0</subfield>
    <subfield code="p">98533</subfield>
    <subfield code="r">2022-02-07 00:00:00</subfield>
    <subfield code="w">2006-09-22</subfield>
    <subfield code="y">BK</subfield>
  </datafield>
  <datafield tag="952" ind1=" " ind2=" ">
    <subfield code="0">0</subfield>
    <subfield code="1">0</subfield>
    <subfield code="2">udc</subfield>
    <subfield code="4">0</subfield>
    <subfield code="7">0</subfield>
    <subfield code="a">102</subfield>
    <subfield code="b">102</subfield>
    <subfield code="d">2006-09-22</subfield>
    <subfield code="e">91/2006</subfield>
    <subfield code="g">49.86</subfield>
    <subfield code="i">98534</subfield>
    <subfield code="l">0</subfield>
    <subfield code="p">98534</subfield>
    <subfield code="r">2022-02-07 00:00:00</subfield>
    <subfield code="w">2006-09-22</subfield>
    <subfield code="y">BK</subfield>
  </datafield>
  <datafield tag="952" ind1=" " ind2=" ">
    <subfield code="0">0</subfield>
    <subfield code="1">0</subfield>
    <subfield code="2">udc</subfield>
    <subfield code="4">0</subfield>
    <subfield code="7">0</subfield>
    <subfield code="a">101</subfield>
    <subfield code="b">101</subfield>
    <subfield code="d">2006-09-22</subfield>
    <subfield code="e">91/2006</subfield>
    <subfield code="g">49.86</subfield>
    <subfield code="i">98535</subfield>
    <subfield code="l">0</subfield>
    <subfield code="p">98535</subfield>
    <subfield code="r">2021-10-29 00:00:00</subfield>
    <subfield code="w">2006-09-22</subfield>
    <subfield code="y">BK</subfield>
  </datafield>
  <datafield tag="952" ind1=" " ind2=" ">
    <subfield code="0">0</subfield>
    <subfield code="1">0</subfield>
    <subfield code="2">udc</subfield>
    <subfield code="4">0</subfield>
    <subfield code="7">0</subfield>
    <subfield code="a">101</subfield>
    <subfield code="b">101</subfield>
    <subfield code="d">2006-09-22</subfield>
    <subfield code="e">91/2006</subfield>
    <subfield code="g">49.86</subfield>
    <subfield code="i">98536</subfield>
    <subfield code="l">0</subfield>
    <subfield code="p">98536</subfield>
    <subfield code="r">2021-11-01 00:00:00</subfield>
    <subfield code="w">2006-09-22</subfield>
    <subfield code="y">BK</subfield>
  </datafield>
  <datafield tag="952" ind1=" " ind2=" ">
    <subfield code="0">0</subfield>
    <subfield code="1">0</subfield>
    <subfield code="2">udc</subfield>
    <subfield code="4">0</subfield>
    <subfield code="7">0</subfield>
    <subfield code="a">101</subfield>
    <subfield code="b">101</subfield>
    <subfield code="d">2006-09-22</subfield>
    <subfield code="e">91/2006</subfield>
    <subfield code="g">49.86</subfield>
    <subfield code="i">98537</subfield>
    <subfield code="l">0</subfield>
    <subfield code="p">98537</subfield>
    <subfield code="r">2021-10-29 00:00:00</subfield>
    <subfield code="w">2006-09-22</subfield>
    <subfield code="y">BK</subfield>
  </datafield>
  <datafield tag="952" ind1=" " ind2=" ">
    <subfield code="0">0</subfield>
    <subfield code="1">0</subfield>
    <subfield code="2">udc</subfield>
    <subfield code="4">0</subfield>
    <subfield code="7">0</subfield>
    <subfield code="a">101</subfield>
    <subfield code="b">101</subfield>
    <subfield code="d">2006-09-22</subfield>
    <subfield code="e">91/2006</subfield>
    <subfield code="g">49.86</subfield>
    <subfield code="i">98538</subfield>
    <subfield code="l">0</subfield>
    <subfield code="p">98538</subfield>
    <subfield code="r">2021-10-29 00:00:00</subfield>
    <subfield code="w">2006-09-22</subfield>
    <subfield code="y">BK</subfield>
  </datafield>
  <datafield tag="952" ind1=" " ind2=" ">
    <subfield code="0">0</subfield>
    <subfield code="1">0</subfield>
    <subfield code="2">udc</subfield>
    <subfield code="4">0</subfield>
    <subfield code="7">0</subfield>
    <subfield code="a">101</subfield>
    <subfield code="b">101</subfield>
    <subfield code="d">2006-09-22</subfield>
    <subfield code="e">91/2006</subfield>
    <subfield code="g">49.86</subfield>
    <subfield code="i">98539</subfield>
    <subfield code="l">0</subfield>
    <subfield code="p">98539</subfield>
    <subfield code="r">2021-10-29 00:00:00</subfield>
    <subfield code="w">2006-09-22</subfield>
    <subfield code="y">BK</subfield>
  </datafield>
  <datafield tag="952" ind1=" " ind2=" ">
    <subfield code="0">0</subfield>
    <subfield code="1">0</subfield>
    <subfield code="2">udc</subfield>
    <subfield code="4">0</subfield>
    <subfield code="7">0</subfield>
    <subfield code="a">101</subfield>
    <subfield code="b">101</subfield>
    <subfield code="d">2006-09-22</subfield>
    <subfield code="e">91/2006</subfield>
    <subfield code="g">49.86</subfield>
    <subfield code="i">98540</subfield>
    <subfield code="l">0</subfield>
    <subfield code="p">98540</subfield>
    <subfield code="r">2021-10-29 00:00:00</subfield>
    <subfield code="w">2006-09-22</subfield>
    <subfield code="y">BK</subfield>
  </datafield>
  <datafield tag="952" ind1=" " ind2=" ">
    <subfield code="0">0</subfield>
    <subfield code="1">0</subfield>
    <subfield code="2">udc</subfield>
    <subfield code="4">0</subfield>
    <subfield code="7">0</subfield>
    <subfield code="a">101</subfield>
    <subfield code="b">101</subfield>
    <subfield code="d">2006-09-22</subfield>
    <subfield code="e">91/2006</subfield>
    <subfield code="g">49.86</subfield>
    <subfield code="i">98541</subfield>
    <subfield code="l">0</subfield>
    <subfield code="p">98541</subfield>
    <subfield code="r">2021-10-29 00:00:00</subfield>
    <subfield code="w">2006-09-22</subfield>
    <subfield code="y">BK</subfield>
  </datafield>
  <datafield tag="952" ind1=" " ind2=" ">
    <subfield code="0">0</subfield>
    <subfield code="1">0</subfield>
    <subfield code="2">udc</subfield>
    <subfield code="4">0</subfield>
    <subfield code="7">0</subfield>
    <subfield code="a">101</subfield>
    <subfield code="b">101</subfield>
    <subfield code="d">2006-09-22</subfield>
    <subfield code="e">91/2006</subfield>
    <subfield code="g">49.86</subfield>
    <subfield code="i">98542</subfield>
    <subfield code="l">0</subfield>
    <subfield code="p">98542</subfield>
    <subfield code="r">2021-10-29 00:00:00</subfield>
    <subfield code="w">2006-09-22</subfield>
    <subfield code="y">BK</subfield>
  </datafield>
  <datafield tag="952" ind1=" " ind2=" ">
    <subfield code="0">0</subfield>
    <subfield code="1">0</subfield>
    <subfield code="2">udc</subfield>
    <subfield code="4">0</subfield>
    <subfield code="7">0</subfield>
    <subfield code="a">101</subfield>
    <subfield code="b">101</subfield>
    <subfield code="d">2006-09-22</subfield>
    <subfield code="e">91/2006</subfield>
    <subfield code="g">49.86</subfield>
    <subfield code="i">98543</subfield>
    <subfield code="l">0</subfield>
    <subfield code="p">98543</subfield>
    <subfield code="r">2021-11-01 00:00:00</subfield>
    <subfield code="w">2006-09-22</subfield>
    <subfield code="y">BK</subfield>
  </datafield>
  <datafield tag="952" ind1=" " ind2=" ">
    <subfield code="0">0</subfield>
    <subfield code="1">0</subfield>
    <subfield code="2">udc</subfield>
    <subfield code="4">0</subfield>
    <subfield code="7">0</subfield>
    <subfield code="a">101</subfield>
    <subfield code="b">101</subfield>
    <subfield code="d">2006-09-22</subfield>
    <subfield code="e">91/2006</subfield>
    <subfield code="g">49.86</subfield>
    <subfield code="i">98544</subfield>
    <subfield code="l">0</subfield>
    <subfield code="p">98544</subfield>
    <subfield code="r">2021-11-01 00:00:00</subfield>
    <subfield code="w">2006-09-22</subfield>
    <subfield code="y">BK</subfield>
  </datafield>
  <datafield tag="952" ind1=" " ind2=" ">
    <subfield code="0">0</subfield>
    <subfield code="1">0</subfield>
    <subfield code="2">udc</subfield>
    <subfield code="4">0</subfield>
    <subfield code="7">0</subfield>
    <subfield code="a">101</subfield>
    <subfield code="b">101</subfield>
    <subfield code="d">2006-09-22</subfield>
    <subfield code="e">91/2006</subfield>
    <subfield code="g">49.86</subfield>
    <subfield code="i">98545</subfield>
    <subfield code="l">0</subfield>
    <subfield code="p">98545</subfield>
    <subfield code="r">2021-10-29 00:00:00</subfield>
    <subfield code="w">2006-09-22</subfield>
    <subfield code="y">BK</subfield>
  </datafield>
  <datafield tag="952" ind1=" " ind2=" ">
    <subfield code="0">0</subfield>
    <subfield code="1">0</subfield>
    <subfield code="2">udc</subfield>
    <subfield code="4">0</subfield>
    <subfield code="7">0</subfield>
    <subfield code="a">101</subfield>
    <subfield code="b">101</subfield>
    <subfield code="d">2006-09-22</subfield>
    <subfield code="e">91/2006</subfield>
    <subfield code="g">49.86</subfield>
    <subfield code="i">98546</subfield>
    <subfield code="l">0</subfield>
    <subfield code="p">98546</subfield>
    <subfield code="r">2021-10-29 00:00:00</subfield>
    <subfield code="w">2006-09-22</subfield>
    <subfield code="y">BK</subfield>
  </datafield>
  <datafield tag="952" ind1=" " ind2=" ">
    <subfield code="0">0</subfield>
    <subfield code="1">0</subfield>
    <subfield code="2">udc</subfield>
    <subfield code="4">0</subfield>
    <subfield code="7">0</subfield>
    <subfield code="a">101</subfield>
    <subfield code="b">101</subfield>
    <subfield code="d">2006-09-22</subfield>
    <subfield code="e">91/2006</subfield>
    <subfield code="g">49.86</subfield>
    <subfield code="i">98547</subfield>
    <subfield code="l">0</subfield>
    <subfield code="p">98547</subfield>
    <subfield code="r">2021-10-29 00:00:00</subfield>
    <subfield code="w">2006-09-22</subfield>
    <subfield code="y">BK</subfield>
  </datafield>
  <datafield tag="952" ind1=" " ind2=" ">
    <subfield code="0">0</subfield>
    <subfield code="1">0</subfield>
    <subfield code="2">udc</subfield>
    <subfield code="4">0</subfield>
    <subfield code="7">0</subfield>
    <subfield code="a">101</subfield>
    <subfield code="b">101</subfield>
    <subfield code="d">2006-09-22</subfield>
    <subfield code="e">91/2006</subfield>
    <subfield code="g">49.86</subfield>
    <subfield code="i">98548</subfield>
    <subfield code="l">0</subfield>
    <subfield code="p">98548</subfield>
    <subfield code="r">2021-10-29 00:00:00</subfield>
    <subfield code="w">2006-09-22</subfield>
    <subfield code="y">BK</subfield>
  </datafield>
  <datafield tag="952" ind1=" " ind2=" ">
    <subfield code="0">0</subfield>
    <subfield code="1">0</subfield>
    <subfield code="2">udc</subfield>
    <subfield code="4">0</subfield>
    <subfield code="7">0</subfield>
    <subfield code="a">101</subfield>
    <subfield code="b">101</subfield>
    <subfield code="d">2006-09-22</subfield>
    <subfield code="e">91/2006</subfield>
    <subfield code="g">49.86</subfield>
    <subfield code="i">98549</subfield>
    <subfield code="l">0</subfield>
    <subfield code="p">98549</subfield>
    <subfield code="r">2021-10-29 00:00:00</subfield>
    <subfield code="w">2006-09-22</subfield>
    <subfield code="y">BK</subfield>
  </datafield>
  <datafield tag="952" ind1=" " ind2=" ">
    <subfield code="0">0</subfield>
    <subfield code="1">0</subfield>
    <subfield code="2">udc</subfield>
    <subfield code="4">0</subfield>
    <subfield code="7">0</subfield>
    <subfield code="a">101</subfield>
    <subfield code="b">101</subfield>
    <subfield code="d">2006-09-22</subfield>
    <subfield code="e">91/2006</subfield>
    <subfield code="g">49.86</subfield>
    <subfield code="i">98550</subfield>
    <subfield code="l">0</subfield>
    <subfield code="p">98550</subfield>
    <subfield code="r">2021-11-01 00:00:00</subfield>
    <subfield code="w">2006-09-22</subfield>
    <subfield code="y">BK</subfield>
  </datafield>
  <datafield tag="952" ind1=" " ind2=" ">
    <subfield code="0">0</subfield>
    <subfield code="1">0</subfield>
    <subfield code="2">udc</subfield>
    <subfield code="4">0</subfield>
    <subfield code="7">0</subfield>
    <subfield code="a">101</subfield>
    <subfield code="b">101</subfield>
    <subfield code="d">2006-09-22</subfield>
    <subfield code="e">91/2006</subfield>
    <subfield code="g">49.86</subfield>
    <subfield code="i">98551</subfield>
    <subfield code="l">0</subfield>
    <subfield code="p">98551</subfield>
    <subfield code="r">2021-10-29 00:00:00</subfield>
    <subfield code="w">2006-09-22</subfield>
    <subfield code="y">BK</subfield>
  </datafield>
  <datafield tag="952" ind1=" " ind2=" ">
    <subfield code="0">0</subfield>
    <subfield code="1">0</subfield>
    <subfield code="2">udc</subfield>
    <subfield code="4">0</subfield>
    <subfield code="7">0</subfield>
    <subfield code="a">101</subfield>
    <subfield code="b">101</subfield>
    <subfield code="d">2006-09-22</subfield>
    <subfield code="e">91/2006</subfield>
    <subfield code="g">49.86</subfield>
    <subfield code="i">98552</subfield>
    <subfield code="l">0</subfield>
    <subfield code="p">98552</subfield>
    <subfield code="r">2021-10-29 00:00:00</subfield>
    <subfield code="w">2006-09-22</subfield>
    <subfield code="y">BK</subfield>
  </datafield>
  <datafield tag="952" ind1=" " ind2=" ">
    <subfield code="0">0</subfield>
    <subfield code="1">0</subfield>
    <subfield code="2">udc</subfield>
    <subfield code="4">0</subfield>
    <subfield code="7">0</subfield>
    <subfield code="a">101</subfield>
    <subfield code="b">101</subfield>
    <subfield code="d">2006-09-22</subfield>
    <subfield code="e">91/2006</subfield>
    <subfield code="g">49.86</subfield>
    <subfield code="i">98553</subfield>
    <subfield code="l">0</subfield>
    <subfield code="p">98553</subfield>
    <subfield code="r">2021-10-29 00:00:00</subfield>
    <subfield code="w">2006-09-22</subfield>
    <subfield code="y">BK</subfield>
  </datafield>
  <datafield tag="952" ind1=" " ind2=" ">
    <subfield code="0">0</subfield>
    <subfield code="1">0</subfield>
    <subfield code="2">udc</subfield>
    <subfield code="4">0</subfield>
    <subfield code="7">0</subfield>
    <subfield code="a">101</subfield>
    <subfield code="b">101</subfield>
    <subfield code="d">2006-09-22</subfield>
    <subfield code="e">91/2006</subfield>
    <subfield code="g">49.86</subfield>
    <subfield code="i">98554</subfield>
    <subfield code="l">0</subfield>
    <subfield code="p">98554</subfield>
    <subfield code="r">2021-10-29 00:00:00</subfield>
    <subfield code="w">2006-09-22</subfield>
    <subfield code="y">BK</subfield>
  </datafield>
  <datafield tag="952" ind1=" " ind2=" ">
    <subfield code="0">0</subfield>
    <subfield code="1">0</subfield>
    <subfield code="2">udc</subfield>
    <subfield code="4">0</subfield>
    <subfield code="7">0</subfield>
    <subfield code="a">101</subfield>
    <subfield code="b">101</subfield>
    <subfield code="d">2006-09-22</subfield>
    <subfield code="e">91/2006</subfield>
    <subfield code="g">49.86</subfield>
    <subfield code="i">98555</subfield>
    <subfield code="l">0</subfield>
    <subfield code="p">98555</subfield>
    <subfield code="r">2021-10-29 00:00:00</subfield>
    <subfield code="w">2006-09-22</subfield>
    <subfield code="y">BK</subfield>
  </datafield>
  <datafield tag="952" ind1=" " ind2=" ">
    <subfield code="0">0</subfield>
    <subfield code="1">0</subfield>
    <subfield code="2">udc</subfield>
    <subfield code="4">0</subfield>
    <subfield code="7">0</subfield>
    <subfield code="a">101</subfield>
    <subfield code="b">101</subfield>
    <subfield code="d">2006-09-22</subfield>
    <subfield code="e">91/2006</subfield>
    <subfield code="g">49.86</subfield>
    <subfield code="i">98556</subfield>
    <subfield code="l">0</subfield>
    <subfield code="p">98556</subfield>
    <subfield code="r">2021-11-01 00:00:00</subfield>
    <subfield code="w">2006-09-22</subfield>
    <subfield code="y">BK</subfield>
  </datafield>
  <datafield tag="952" ind1=" " ind2=" ">
    <subfield code="0">0</subfield>
    <subfield code="1">0</subfield>
    <subfield code="2">udc</subfield>
    <subfield code="4">0</subfield>
    <subfield code="7">0</subfield>
    <subfield code="a">101</subfield>
    <subfield code="b">101</subfield>
    <subfield code="d">2006-09-22</subfield>
    <subfield code="e">91/2006</subfield>
    <subfield code="g">49.86</subfield>
    <subfield code="i">98557</subfield>
    <subfield code="l">0</subfield>
    <subfield code="p">98557</subfield>
    <subfield code="r">2021-11-01 00:00:00</subfield>
    <subfield code="w">2006-09-22</subfield>
    <subfield code="y">BK</subfield>
  </datafield>
  <datafield tag="952" ind1=" " ind2=" ">
    <subfield code="0">0</subfield>
    <subfield code="1">0</subfield>
    <subfield code="2">udc</subfield>
    <subfield code="4">0</subfield>
    <subfield code="7">0</subfield>
    <subfield code="a">101</subfield>
    <subfield code="b">101</subfield>
    <subfield code="d">2006-09-22</subfield>
    <subfield code="e">91/2006</subfield>
    <subfield code="g">49.86</subfield>
    <subfield code="i">98558</subfield>
    <subfield code="l">0</subfield>
    <subfield code="p">98558</subfield>
    <subfield code="r">2021-10-29 00:00:00</subfield>
    <subfield code="w">2006-09-22</subfield>
    <subfield code="y">BK</subfield>
  </datafield>
  <datafield tag="952" ind1=" " ind2=" ">
    <subfield code="0">0</subfield>
    <subfield code="1">0</subfield>
    <subfield code="2">udc</subfield>
    <subfield code="4">0</subfield>
    <subfield code="7">0</subfield>
    <subfield code="a">101</subfield>
    <subfield code="b">101</subfield>
    <subfield code="d">2006-09-22</subfield>
    <subfield code="e">91/2006</subfield>
    <subfield code="g">49.86</subfield>
    <subfield code="i">98559</subfield>
    <subfield code="l">0</subfield>
    <subfield code="p">98559</subfield>
    <subfield code="r">2021-11-01 00:00:00</subfield>
    <subfield code="w">2006-09-22</subfield>
    <subfield code="y">BK</subfield>
  </datafield>
  <datafield tag="952" ind1=" " ind2=" ">
    <subfield code="0">0</subfield>
    <subfield code="1">0</subfield>
    <subfield code="2">udc</subfield>
    <subfield code="4">0</subfield>
    <subfield code="7">0</subfield>
    <subfield code="a">101</subfield>
    <subfield code="b">101</subfield>
    <subfield code="d">2006-09-22</subfield>
    <subfield code="e">91/2006</subfield>
    <subfield code="g">49.86</subfield>
    <subfield code="i">98560</subfield>
    <subfield code="l">0</subfield>
    <subfield code="p">98560</subfield>
    <subfield code="r">2021-10-29 00:00:00</subfield>
    <subfield code="w">2006-09-22</subfield>
    <subfield code="y">BK</subfield>
  </datafield>
  <datafield tag="952" ind1=" " ind2=" ">
    <subfield code="0">0</subfield>
    <subfield code="1">0</subfield>
    <subfield code="2">udc</subfield>
    <subfield code="4">0</subfield>
    <subfield code="7">0</subfield>
    <subfield code="a">101</subfield>
    <subfield code="b">101</subfield>
    <subfield code="d">2006-09-22</subfield>
    <subfield code="e">91/2006</subfield>
    <subfield code="g">49.86</subfield>
    <subfield code="i">98561</subfield>
    <subfield code="l">0</subfield>
    <subfield code="p">98561</subfield>
    <subfield code="r">2021-11-01 00:00:00</subfield>
    <subfield code="w">2006-09-22</subfield>
    <subfield code="y">BK</subfield>
  </datafield>
  <datafield tag="952" ind1=" " ind2=" ">
    <subfield code="0">0</subfield>
    <subfield code="1">0</subfield>
    <subfield code="2">udc</subfield>
    <subfield code="4">0</subfield>
    <subfield code="7">0</subfield>
    <subfield code="a">101</subfield>
    <subfield code="b">101</subfield>
    <subfield code="d">2006-09-22</subfield>
    <subfield code="e">91/2006</subfield>
    <subfield code="g">49.86</subfield>
    <subfield code="i">98562</subfield>
    <subfield code="l">0</subfield>
    <subfield code="p">98562</subfield>
    <subfield code="r">2021-10-29 00:00:00</subfield>
    <subfield code="w">2006-09-22</subfield>
    <subfield code="y">BK</subfield>
  </datafield>
  <datafield tag="952" ind1=" " ind2=" ">
    <subfield code="0">0</subfield>
    <subfield code="1">0</subfield>
    <subfield code="2">udc</subfield>
    <subfield code="4">0</subfield>
    <subfield code="7">0</subfield>
    <subfield code="a">101</subfield>
    <subfield code="b">101</subfield>
    <subfield code="d">2006-09-22</subfield>
    <subfield code="e">91/2006</subfield>
    <subfield code="g">49.86</subfield>
    <subfield code="i">98563</subfield>
    <subfield code="l">0</subfield>
    <subfield code="p">98563</subfield>
    <subfield code="r">2021-10-29 00:00:00</subfield>
    <subfield code="w">2006-09-22</subfield>
    <subfield code="y">BK</subfield>
  </datafield>
  <datafield tag="952" ind1=" " ind2=" ">
    <subfield code="0">0</subfield>
    <subfield code="1">0</subfield>
    <subfield code="2">udc</subfield>
    <subfield code="4">0</subfield>
    <subfield code="7">0</subfield>
    <subfield code="a">101</subfield>
    <subfield code="b">101</subfield>
    <subfield code="d">2006-09-22</subfield>
    <subfield code="e">91/2006</subfield>
    <subfield code="g">49.86</subfield>
    <subfield code="i">98564</subfield>
    <subfield code="l">0</subfield>
    <subfield code="p">98564</subfield>
    <subfield code="r">2021-10-29 00:00:00</subfield>
    <subfield code="w">2006-09-22</subfield>
    <subfield code="y">BK</subfield>
  </datafield>
  <datafield tag="952" ind1=" " ind2=" ">
    <subfield code="0">0</subfield>
    <subfield code="1">0</subfield>
    <subfield code="2">udc</subfield>
    <subfield code="4">0</subfield>
    <subfield code="7">0</subfield>
    <subfield code="a">101</subfield>
    <subfield code="b">101</subfield>
    <subfield code="d">2006-09-22</subfield>
    <subfield code="e">91/2006</subfield>
    <subfield code="g">49.86</subfield>
    <subfield code="i">98565</subfield>
    <subfield code="l">0</subfield>
    <subfield code="p">98565</subfield>
    <subfield code="r">2021-10-29 00:00:00</subfield>
    <subfield code="w">2006-09-22</subfield>
    <subfield code="y">BK</subfield>
  </datafield>
  <datafield tag="952" ind1=" " ind2=" ">
    <subfield code="0">0</subfield>
    <subfield code="1">0</subfield>
    <subfield code="2">udc</subfield>
    <subfield code="4">0</subfield>
    <subfield code="7">0</subfield>
    <subfield code="a">101</subfield>
    <subfield code="b">101</subfield>
    <subfield code="d">2006-09-22</subfield>
    <subfield code="e">91/2006</subfield>
    <subfield code="g">49.86</subfield>
    <subfield code="i">98566</subfield>
    <subfield code="l">0</subfield>
    <subfield code="p">98566</subfield>
    <subfield code="r">2021-10-29 00:00:00</subfield>
    <subfield code="w">2006-09-22</subfield>
    <subfield code="y">BK</subfield>
  </datafield>
  <datafield tag="952" ind1=" " ind2=" ">
    <subfield code="0">0</subfield>
    <subfield code="1">0</subfield>
    <subfield code="2">udc</subfield>
    <subfield code="4">0</subfield>
    <subfield code="7">0</subfield>
    <subfield code="a">101</subfield>
    <subfield code="b">101</subfield>
    <subfield code="d">2006-09-22</subfield>
    <subfield code="e">91/2006</subfield>
    <subfield code="g">49.86</subfield>
    <subfield code="i">98567</subfield>
    <subfield code="l">0</subfield>
    <subfield code="p">98567</subfield>
    <subfield code="r">2021-10-29 00:00:00</subfield>
    <subfield code="w">2006-09-22</subfield>
    <subfield code="y">BK</subfield>
  </datafield>
  <datafield tag="952" ind1=" " ind2=" ">
    <subfield code="0">0</subfield>
    <subfield code="1">0</subfield>
    <subfield code="2">udc</subfield>
    <subfield code="4">0</subfield>
    <subfield code="7">0</subfield>
    <subfield code="a">101</subfield>
    <subfield code="b">101</subfield>
    <subfield code="d">2006-09-22</subfield>
    <subfield code="e">91/2006</subfield>
    <subfield code="g">49.86</subfield>
    <subfield code="i">98568</subfield>
    <subfield code="l">0</subfield>
    <subfield code="p">98568</subfield>
    <subfield code="r">2021-10-29 00:00:00</subfield>
    <subfield code="w">2006-09-22</subfield>
    <subfield code="y">BK</subfield>
  </datafield>
  <datafield tag="952" ind1=" " ind2=" ">
    <subfield code="0">0</subfield>
    <subfield code="1">0</subfield>
    <subfield code="2">udc</subfield>
    <subfield code="4">0</subfield>
    <subfield code="7">0</subfield>
    <subfield code="a">101</subfield>
    <subfield code="b">101</subfield>
    <subfield code="d">2006-09-22</subfield>
    <subfield code="e">91/2006</subfield>
    <subfield code="g">49.86</subfield>
    <subfield code="i">98569</subfield>
    <subfield code="l">0</subfield>
    <subfield code="p">98569</subfield>
    <subfield code="r">2021-10-29 00:00:00</subfield>
    <subfield code="w">2006-09-22</subfield>
    <subfield code="y">BK</subfield>
  </datafield>
  <datafield tag="952" ind1=" " ind2=" ">
    <subfield code="0">0</subfield>
    <subfield code="1">0</subfield>
    <subfield code="2">udc</subfield>
    <subfield code="4">0</subfield>
    <subfield code="7">0</subfield>
    <subfield code="a">101</subfield>
    <subfield code="b">101</subfield>
    <subfield code="d">2006-09-22</subfield>
    <subfield code="e">91/2006</subfield>
    <subfield code="g">49.86</subfield>
    <subfield code="i">98570</subfield>
    <subfield code="l">0</subfield>
    <subfield code="p">98570</subfield>
    <subfield code="r">2021-11-01 00:00:00</subfield>
    <subfield code="w">2006-09-22</subfield>
    <subfield code="y">BK</subfield>
  </datafield>
  <datafield tag="952" ind1=" " ind2=" ">
    <subfield code="0">0</subfield>
    <subfield code="1">0</subfield>
    <subfield code="2">udc</subfield>
    <subfield code="4">0</subfield>
    <subfield code="7">0</subfield>
    <subfield code="a">101</subfield>
    <subfield code="b">101</subfield>
    <subfield code="d">2006-09-22</subfield>
    <subfield code="e">91/2006</subfield>
    <subfield code="g">49.86</subfield>
    <subfield code="i">98571</subfield>
    <subfield code="l">0</subfield>
    <subfield code="p">98571</subfield>
    <subfield code="r">2021-10-29 00:00:00</subfield>
    <subfield code="w">2006-09-22</subfield>
    <subfield code="y">BK</subfield>
  </datafield>
  <datafield tag="952" ind1=" " ind2=" ">
    <subfield code="0">0</subfield>
    <subfield code="1">0</subfield>
    <subfield code="2">udc</subfield>
    <subfield code="4">0</subfield>
    <subfield code="7">0</subfield>
    <subfield code="a">101</subfield>
    <subfield code="b">101</subfield>
    <subfield code="d">2006-09-22</subfield>
    <subfield code="e">91/2006</subfield>
    <subfield code="g">49.86</subfield>
    <subfield code="i">98572</subfield>
    <subfield code="l">0</subfield>
    <subfield code="p">98572</subfield>
    <subfield code="r">2021-10-29 00:00:00</subfield>
    <subfield code="w">2006-09-22</subfield>
    <subfield code="y">BK</subfield>
  </datafield>
  <datafield tag="952" ind1=" " ind2=" ">
    <subfield code="0">0</subfield>
    <subfield code="1">0</subfield>
    <subfield code="2">udc</subfield>
    <subfield code="4">0</subfield>
    <subfield code="7">0</subfield>
    <subfield code="a">101</subfield>
    <subfield code="b">101</subfield>
    <subfield code="d">2006-09-22</subfield>
    <subfield code="e">91/2006</subfield>
    <subfield code="g">49.86</subfield>
    <subfield code="i">98573</subfield>
    <subfield code="l">0</subfield>
    <subfield code="p">98573</subfield>
    <subfield code="r">2021-10-29 00:00:00</subfield>
    <subfield code="w">2006-09-22</subfield>
    <subfield code="y">BK</subfield>
  </datafield>
  <datafield tag="952" ind1=" " ind2=" ">
    <subfield code="0">0</subfield>
    <subfield code="1">0</subfield>
    <subfield code="2">udc</subfield>
    <subfield code="4">0</subfield>
    <subfield code="7">0</subfield>
    <subfield code="a">101</subfield>
    <subfield code="b">101</subfield>
    <subfield code="d">2006-09-22</subfield>
    <subfield code="e">91/2006</subfield>
    <subfield code="g">49.86</subfield>
    <subfield code="i">98574</subfield>
    <subfield code="l">0</subfield>
    <subfield code="p">98574</subfield>
    <subfield code="r">2021-11-01 00:00:00</subfield>
    <subfield code="w">2006-09-22</subfield>
    <subfield code="y">BK</subfield>
  </datafield>
  <datafield tag="952" ind1=" " ind2=" ">
    <subfield code="0">0</subfield>
    <subfield code="1">0</subfield>
    <subfield code="2">udc</subfield>
    <subfield code="4">0</subfield>
    <subfield code="7">0</subfield>
    <subfield code="a">101</subfield>
    <subfield code="b">101</subfield>
    <subfield code="d">2006-09-22</subfield>
    <subfield code="e">91/2006</subfield>
    <subfield code="g">49.86</subfield>
    <subfield code="i">98575</subfield>
    <subfield code="l">0</subfield>
    <subfield code="p">98575</subfield>
    <subfield code="r">2021-10-29 00:00:00</subfield>
    <subfield code="w">2006-09-22</subfield>
    <subfield code="y">BK</subfield>
  </datafield>
  <datafield tag="952" ind1=" " ind2=" ">
    <subfield code="0">0</subfield>
    <subfield code="1">0</subfield>
    <subfield code="2">udc</subfield>
    <subfield code="4">0</subfield>
    <subfield code="7">0</subfield>
    <subfield code="a">101</subfield>
    <subfield code="b">101</subfield>
    <subfield code="d">2006-09-22</subfield>
    <subfield code="e">91/2006</subfield>
    <subfield code="g">49.86</subfield>
    <subfield code="i">98576</subfield>
    <subfield code="l">0</subfield>
    <subfield code="p">98576</subfield>
    <subfield code="r">2021-10-29 00:00:00</subfield>
    <subfield code="w">2006-09-22</subfield>
    <subfield code="y">BK</subfield>
  </datafield>
  <datafield tag="952" ind1=" " ind2=" ">
    <subfield code="0">0</subfield>
    <subfield code="1">0</subfield>
    <subfield code="2">udc</subfield>
    <subfield code="4">0</subfield>
    <subfield code="7">0</subfield>
    <subfield code="a">101</subfield>
    <subfield code="b">101</subfield>
    <subfield code="d">2006-09-22</subfield>
    <subfield code="e">91/2006</subfield>
    <subfield code="g">49.86</subfield>
    <subfield code="i">98577</subfield>
    <subfield code="l">0</subfield>
    <subfield code="p">98577</subfield>
    <subfield code="r">2021-11-01 00:00:00</subfield>
    <subfield code="w">2006-09-22</subfield>
    <subfield code="y">BK</subfield>
  </datafield>
  <datafield tag="952" ind1=" " ind2=" ">
    <subfield code="0">0</subfield>
    <subfield code="1">0</subfield>
    <subfield code="2">udc</subfield>
    <subfield code="4">0</subfield>
    <subfield code="7">0</subfield>
    <subfield code="a">101</subfield>
    <subfield code="b">101</subfield>
    <subfield code="d">2006-09-22</subfield>
    <subfield code="e">91/2006</subfield>
    <subfield code="g">49.86</subfield>
    <subfield code="i">98578</subfield>
    <subfield code="l">0</subfield>
    <subfield code="p">98578</subfield>
    <subfield code="r">2021-11-01 00:00:00</subfield>
    <subfield code="w">2006-09-22</subfield>
    <subfield code="y">BK</subfield>
  </datafield>
  <datafield tag="952" ind1=" " ind2=" ">
    <subfield code="0">0</subfield>
    <subfield code="1">0</subfield>
    <subfield code="2">udc</subfield>
    <subfield code="4">0</subfield>
    <subfield code="7">0</subfield>
    <subfield code="a">101</subfield>
    <subfield code="b">101</subfield>
    <subfield code="d">2006-09-22</subfield>
    <subfield code="e">91/2006</subfield>
    <subfield code="g">49.86</subfield>
    <subfield code="i">98579</subfield>
    <subfield code="l">0</subfield>
    <subfield code="p">98579</subfield>
    <subfield code="r">2021-10-29 00:00:00</subfield>
    <subfield code="w">2006-09-22</subfield>
    <subfield code="y">BK</subfield>
  </datafield>
  <datafield tag="952" ind1=" " ind2=" ">
    <subfield code="0">0</subfield>
    <subfield code="1">0</subfield>
    <subfield code="2">udc</subfield>
    <subfield code="4">0</subfield>
    <subfield code="7">0</subfield>
    <subfield code="a">101</subfield>
    <subfield code="b">101</subfield>
    <subfield code="d">2006-09-22</subfield>
    <subfield code="e">91/2006</subfield>
    <subfield code="g">49.86</subfield>
    <subfield code="i">98580</subfield>
    <subfield code="l">0</subfield>
    <subfield code="p">98580</subfield>
    <subfield code="r">2021-11-01 00:00:00</subfield>
    <subfield code="w">2006-09-22</subfield>
    <subfield code="y">BK</subfield>
  </datafield>
  <datafield tag="952" ind1=" " ind2=" ">
    <subfield code="0">0</subfield>
    <subfield code="1">0</subfield>
    <subfield code="2">udc</subfield>
    <subfield code="4">0</subfield>
    <subfield code="7">0</subfield>
    <subfield code="a">101</subfield>
    <subfield code="b">101</subfield>
    <subfield code="d">2006-09-22</subfield>
    <subfield code="e">91/2006</subfield>
    <subfield code="g">49.86</subfield>
    <subfield code="i">98581</subfield>
    <subfield code="l">0</subfield>
    <subfield code="p">98581</subfield>
    <subfield code="r">2021-10-29 00:00:00</subfield>
    <subfield code="w">2006-09-22</subfield>
    <subfield code="y">BK</subfield>
  </datafield>
  <datafield tag="952" ind1=" " ind2=" ">
    <subfield code="0">0</subfield>
    <subfield code="1">0</subfield>
    <subfield code="2">udc</subfield>
    <subfield code="4">0</subfield>
    <subfield code="7">0</subfield>
    <subfield code="a">101</subfield>
    <subfield code="b">101</subfield>
    <subfield code="d">2006-09-22</subfield>
    <subfield code="e">91/2006</subfield>
    <subfield code="g">49.86</subfield>
    <subfield code="i">98582</subfield>
    <subfield code="l">0</subfield>
    <subfield code="p">98582</subfield>
    <subfield code="r">2021-10-29 00:00:00</subfield>
    <subfield code="w">2006-09-22</subfield>
    <subfield code="y">BK</subfield>
  </datafield>
  <datafield tag="952" ind1=" " ind2=" ">
    <subfield code="0">0</subfield>
    <subfield code="1">0</subfield>
    <subfield code="2">udc</subfield>
    <subfield code="4">0</subfield>
    <subfield code="7">0</subfield>
    <subfield code="a">101</subfield>
    <subfield code="b">101</subfield>
    <subfield code="d">2006-09-22</subfield>
    <subfield code="e">91/2006</subfield>
    <subfield code="g">49.86</subfield>
    <subfield code="i">98583</subfield>
    <subfield code="l">0</subfield>
    <subfield code="p">98583</subfield>
    <subfield code="r">2021-10-29 00:00:00</subfield>
    <subfield code="w">2006-09-22</subfield>
    <subfield code="y">BK</subfield>
  </datafield>
  <datafield tag="952" ind1=" " ind2=" ">
    <subfield code="0">0</subfield>
    <subfield code="1">0</subfield>
    <subfield code="2">udc</subfield>
    <subfield code="4">0</subfield>
    <subfield code="7">0</subfield>
    <subfield code="a">101</subfield>
    <subfield code="b">101</subfield>
    <subfield code="d">2006-09-22</subfield>
    <subfield code="e">91/2006</subfield>
    <subfield code="g">49.86</subfield>
    <subfield code="i">98584</subfield>
    <subfield code="l">0</subfield>
    <subfield code="p">98584</subfield>
    <subfield code="r">2021-10-29 00:00:00</subfield>
    <subfield code="w">2006-09-22</subfield>
    <subfield code="y">BK</subfield>
  </datafield>
  <datafield tag="952" ind1=" " ind2=" ">
    <subfield code="0">0</subfield>
    <subfield code="1">0</subfield>
    <subfield code="2">udc</subfield>
    <subfield code="4">0</subfield>
    <subfield code="7">0</subfield>
    <subfield code="a">101</subfield>
    <subfield code="b">101</subfield>
    <subfield code="d">2006-09-22</subfield>
    <subfield code="e">91/2006</subfield>
    <subfield code="g">49.86</subfield>
    <subfield code="i">98585</subfield>
    <subfield code="l">0</subfield>
    <subfield code="p">98585</subfield>
    <subfield code="r">2021-10-29 00:00:00</subfield>
    <subfield code="w">2006-09-22</subfield>
    <subfield code="y">BK</subfield>
  </datafield>
  <datafield tag="952" ind1=" " ind2=" ">
    <subfield code="0">0</subfield>
    <subfield code="1">0</subfield>
    <subfield code="2">udc</subfield>
    <subfield code="4">0</subfield>
    <subfield code="7">0</subfield>
    <subfield code="a">101</subfield>
    <subfield code="b">101</subfield>
    <subfield code="d">2006-09-22</subfield>
    <subfield code="e">91/2006</subfield>
    <subfield code="g">49.86</subfield>
    <subfield code="i">98586</subfield>
    <subfield code="l">0</subfield>
    <subfield code="p">98586</subfield>
    <subfield code="r">2021-10-29 00:00:00</subfield>
    <subfield code="w">2006-09-22</subfield>
    <subfield code="y">BK</subfield>
  </datafield>
  <datafield tag="952" ind1=" " ind2=" ">
    <subfield code="0">0</subfield>
    <subfield code="1">0</subfield>
    <subfield code="2">udc</subfield>
    <subfield code="4">0</subfield>
    <subfield code="7">0</subfield>
    <subfield code="a">101</subfield>
    <subfield code="b">101</subfield>
    <subfield code="d">2006-09-22</subfield>
    <subfield code="e">91/2006</subfield>
    <subfield code="g">49.86</subfield>
    <subfield code="i">98587</subfield>
    <subfield code="l">0</subfield>
    <subfield code="p">98587</subfield>
    <subfield code="r">2021-11-01 00:00:00</subfield>
    <subfield code="w">2006-09-22</subfield>
    <subfield code="y">BK</subfield>
  </datafield>
  <datafield tag="952" ind1=" " ind2=" ">
    <subfield code="0">0</subfield>
    <subfield code="1">0</subfield>
    <subfield code="2">udc</subfield>
    <subfield code="4">0</subfield>
    <subfield code="7">0</subfield>
    <subfield code="a">101</subfield>
    <subfield code="b">101</subfield>
    <subfield code="d">2006-09-22</subfield>
    <subfield code="e">91/2006</subfield>
    <subfield code="g">49.86</subfield>
    <subfield code="i">98588</subfield>
    <subfield code="l">0</subfield>
    <subfield code="p">98588</subfield>
    <subfield code="r">2021-10-29 00:00:00</subfield>
    <subfield code="w">2006-09-22</subfield>
    <subfield code="y">BK</subfield>
  </datafield>
  <datafield tag="952" ind1=" " ind2=" ">
    <subfield code="0">0</subfield>
    <subfield code="1">0</subfield>
    <subfield code="2">udc</subfield>
    <subfield code="4">0</subfield>
    <subfield code="7">0</subfield>
    <subfield code="a">101</subfield>
    <subfield code="b">101</subfield>
    <subfield code="d">2006-09-22</subfield>
    <subfield code="e">91/2006</subfield>
    <subfield code="g">49.86</subfield>
    <subfield code="i">98589</subfield>
    <subfield code="l">0</subfield>
    <subfield code="p">98589</subfield>
    <subfield code="r">2021-11-01 00:00:00</subfield>
    <subfield code="w">2006-09-22</subfield>
    <subfield code="y">BK</subfield>
  </datafield>
  <datafield tag="952" ind1=" " ind2=" ">
    <subfield code="0">0</subfield>
    <subfield code="1">0</subfield>
    <subfield code="2">udc</subfield>
    <subfield code="4">0</subfield>
    <subfield code="7">0</subfield>
    <subfield code="a">101</subfield>
    <subfield code="b">101</subfield>
    <subfield code="d">2006-09-22</subfield>
    <subfield code="e">91/2006</subfield>
    <subfield code="g">49.86</subfield>
    <subfield code="i">98590</subfield>
    <subfield code="l">0</subfield>
    <subfield code="p">98590</subfield>
    <subfield code="r">2021-11-01 00:00:00</subfield>
    <subfield code="w">2006-09-22</subfield>
    <subfield code="y">BK</subfield>
  </datafield>
  <datafield tag="952" ind1=" " ind2=" ">
    <subfield code="0">0</subfield>
    <subfield code="1">0</subfield>
    <subfield code="2">udc</subfield>
    <subfield code="4">0</subfield>
    <subfield code="7">0</subfield>
    <subfield code="a">101</subfield>
    <subfield code="b">101</subfield>
    <subfield code="d">2006-09-22</subfield>
    <subfield code="e">91/2006</subfield>
    <subfield code="g">49.86</subfield>
    <subfield code="i">98591</subfield>
    <subfield code="l">0</subfield>
    <subfield code="p">98591</subfield>
    <subfield code="r">2021-10-29 00:00:00</subfield>
    <subfield code="w">2006-09-22</subfield>
    <subfield code="y">BK</subfield>
  </datafield>
  <datafield tag="952" ind1=" " ind2=" ">
    <subfield code="0">0</subfield>
    <subfield code="1">0</subfield>
    <subfield code="2">udc</subfield>
    <subfield code="4">0</subfield>
    <subfield code="7">0</subfield>
    <subfield code="a">101</subfield>
    <subfield code="b">101</subfield>
    <subfield code="d">2006-09-22</subfield>
    <subfield code="e">91/2006</subfield>
    <subfield code="g">49.86</subfield>
    <subfield code="i">98592</subfield>
    <subfield code="l">0</subfield>
    <subfield code="p">98592</subfield>
    <subfield code="r">2021-10-29 00:00:00</subfield>
    <subfield code="w">2006-09-22</subfield>
    <subfield code="y">BK</subfield>
  </datafield>
  <datafield tag="952" ind1=" " ind2=" ">
    <subfield code="0">0</subfield>
    <subfield code="1">0</subfield>
    <subfield code="2">udc</subfield>
    <subfield code="4">0</subfield>
    <subfield code="7">0</subfield>
    <subfield code="a">101</subfield>
    <subfield code="b">101</subfield>
    <subfield code="d">2006-09-22</subfield>
    <subfield code="e">91/2006</subfield>
    <subfield code="g">49.86</subfield>
    <subfield code="i">98593</subfield>
    <subfield code="l">0</subfield>
    <subfield code="p">98593</subfield>
    <subfield code="r">2021-11-01 00:00:00</subfield>
    <subfield code="w">2006-09-22</subfield>
    <subfield code="y">BK</subfield>
  </datafield>
  <datafield tag="952" ind1=" " ind2=" ">
    <subfield code="0">0</subfield>
    <subfield code="1">0</subfield>
    <subfield code="2">udc</subfield>
    <subfield code="4">0</subfield>
    <subfield code="7">0</subfield>
    <subfield code="a">101</subfield>
    <subfield code="b">101</subfield>
    <subfield code="d">2006-09-22</subfield>
    <subfield code="e">91/2006</subfield>
    <subfield code="g">49.86</subfield>
    <subfield code="i">98594</subfield>
    <subfield code="l">0</subfield>
    <subfield code="p">98594</subfield>
    <subfield code="r">2021-11-01 00:00:00</subfield>
    <subfield code="w">2006-09-22</subfield>
    <subfield code="y">BK</subfield>
  </datafield>
  <datafield tag="952" ind1=" " ind2=" ">
    <subfield code="0">0</subfield>
    <subfield code="1">0</subfield>
    <subfield code="2">udc</subfield>
    <subfield code="4">0</subfield>
    <subfield code="7">0</subfield>
    <subfield code="a">101</subfield>
    <subfield code="b">101</subfield>
    <subfield code="d">2006-09-22</subfield>
    <subfield code="e">91/2006</subfield>
    <subfield code="g">49.86</subfield>
    <subfield code="i">98595</subfield>
    <subfield code="l">0</subfield>
    <subfield code="p">98595</subfield>
    <subfield code="r">2021-10-29 00:00:00</subfield>
    <subfield code="w">2006-09-22</subfield>
    <subfield code="y">BK</subfield>
  </datafield>
  <datafield tag="952" ind1=" " ind2=" ">
    <subfield code="0">0</subfield>
    <subfield code="1">0</subfield>
    <subfield code="2">udc</subfield>
    <subfield code="4">0</subfield>
    <subfield code="7">0</subfield>
    <subfield code="a">101</subfield>
    <subfield code="b">101</subfield>
    <subfield code="d">2006-09-22</subfield>
    <subfield code="e">91/2006</subfield>
    <subfield code="g">49.86</subfield>
    <subfield code="i">98596</subfield>
    <subfield code="l">0</subfield>
    <subfield code="p">98596</subfield>
    <subfield code="r">2021-10-29 00:00:00</subfield>
    <subfield code="w">2006-09-22</subfield>
    <subfield code="y">BK</subfield>
  </datafield>
  <datafield tag="952" ind1=" " ind2=" ">
    <subfield code="0">0</subfield>
    <subfield code="1">0</subfield>
    <subfield code="2">udc</subfield>
    <subfield code="4">0</subfield>
    <subfield code="7">0</subfield>
    <subfield code="a">101</subfield>
    <subfield code="b">101</subfield>
    <subfield code="d">2006-09-22</subfield>
    <subfield code="e">91/2006</subfield>
    <subfield code="g">49.86</subfield>
    <subfield code="i">98597</subfield>
    <subfield code="l">0</subfield>
    <subfield code="p">98597</subfield>
    <subfield code="r">2021-11-01 00:00:00</subfield>
    <subfield code="w">2006-09-22</subfield>
    <subfield code="y">BK</subfield>
  </datafield>
  <datafield tag="952" ind1=" " ind2=" ">
    <subfield code="0">0</subfield>
    <subfield code="1">0</subfield>
    <subfield code="2">udc</subfield>
    <subfield code="4">0</subfield>
    <subfield code="7">0</subfield>
    <subfield code="a">101</subfield>
    <subfield code="b">101</subfield>
    <subfield code="d">2006-09-22</subfield>
    <subfield code="e">91/2006</subfield>
    <subfield code="g">49.86</subfield>
    <subfield code="i">98598</subfield>
    <subfield code="l">0</subfield>
    <subfield code="p">98598</subfield>
    <subfield code="r">2021-11-01 00:00:00</subfield>
    <subfield code="w">2006-09-22</subfield>
    <subfield code="y">BK</subfield>
  </datafield>
  <datafield tag="952" ind1=" " ind2=" ">
    <subfield code="0">0</subfield>
    <subfield code="1">0</subfield>
    <subfield code="2">udc</subfield>
    <subfield code="4">0</subfield>
    <subfield code="7">0</subfield>
    <subfield code="a">101</subfield>
    <subfield code="b">101</subfield>
    <subfield code="d">2006-09-22</subfield>
    <subfield code="e">91/2006</subfield>
    <subfield code="g">49.86</subfield>
    <subfield code="i">98599</subfield>
    <subfield code="l">0</subfield>
    <subfield code="p">98599</subfield>
    <subfield code="r">2021-10-29 00:00:00</subfield>
    <subfield code="w">2006-09-22</subfield>
    <subfield code="y">BK</subfield>
  </datafield>
  <datafield tag="952" ind1=" " ind2=" ">
    <subfield code="0">0</subfield>
    <subfield code="1">0</subfield>
    <subfield code="2">udc</subfield>
    <subfield code="4">0</subfield>
    <subfield code="7">0</subfield>
    <subfield code="a">101</subfield>
    <subfield code="b">101</subfield>
    <subfield code="d">2006-09-22</subfield>
    <subfield code="e">91/2006</subfield>
    <subfield code="g">49.86</subfield>
    <subfield code="i">98600</subfield>
    <subfield code="l">0</subfield>
    <subfield code="p">98600</subfield>
    <subfield code="r">2021-11-01 00:00:00</subfield>
    <subfield code="w">2006-09-22</subfield>
    <subfield code="y">BK</subfield>
  </datafield>
  <datafield tag="952" ind1=" " ind2=" ">
    <subfield code="0">0</subfield>
    <subfield code="1">0</subfield>
    <subfield code="2">udc</subfield>
    <subfield code="4">0</subfield>
    <subfield code="7">0</subfield>
    <subfield code="a">101</subfield>
    <subfield code="b">101</subfield>
    <subfield code="d">2006-09-22</subfield>
    <subfield code="e">91/2006</subfield>
    <subfield code="g">49.86</subfield>
    <subfield code="i">98601</subfield>
    <subfield code="l">0</subfield>
    <subfield code="p">98601</subfield>
    <subfield code="r">2021-11-01 00:00:00</subfield>
    <subfield code="w">2006-09-22</subfield>
    <subfield code="y">BK</subfield>
  </datafield>
  <datafield tag="952" ind1=" " ind2=" ">
    <subfield code="0">0</subfield>
    <subfield code="1">0</subfield>
    <subfield code="2">udc</subfield>
    <subfield code="4">0</subfield>
    <subfield code="7">0</subfield>
    <subfield code="a">101</subfield>
    <subfield code="b">101</subfield>
    <subfield code="d">2006-09-22</subfield>
    <subfield code="e">91/2006</subfield>
    <subfield code="g">49.86</subfield>
    <subfield code="i">98602</subfield>
    <subfield code="l">0</subfield>
    <subfield code="p">98602</subfield>
    <subfield code="r">2021-10-29 00:00:00</subfield>
    <subfield code="w">2006-09-22</subfield>
    <subfield code="y">BK</subfield>
  </datafield>
  <datafield tag="952" ind1=" " ind2=" ">
    <subfield code="0">0</subfield>
    <subfield code="1">0</subfield>
    <subfield code="2">udc</subfield>
    <subfield code="4">0</subfield>
    <subfield code="7">0</subfield>
    <subfield code="a">101</subfield>
    <subfield code="b">101</subfield>
    <subfield code="d">2006-09-22</subfield>
    <subfield code="e">91/2006</subfield>
    <subfield code="g">49.86</subfield>
    <subfield code="i">98603</subfield>
    <subfield code="l">0</subfield>
    <subfield code="p">98603</subfield>
    <subfield code="r">2021-11-01 00:00:00</subfield>
    <subfield code="w">2006-09-22</subfield>
    <subfield code="y">BK</subfield>
  </datafield>
  <datafield tag="952" ind1=" " ind2=" ">
    <subfield code="0">0</subfield>
    <subfield code="1">0</subfield>
    <subfield code="2">udc</subfield>
    <subfield code="4">0</subfield>
    <subfield code="7">0</subfield>
    <subfield code="a">101</subfield>
    <subfield code="b">101</subfield>
    <subfield code="d">2006-09-22</subfield>
    <subfield code="e">91/2006</subfield>
    <subfield code="g">49.86</subfield>
    <subfield code="i">98604</subfield>
    <subfield code="l">0</subfield>
    <subfield code="p">98604</subfield>
    <subfield code="r">2021-11-01 00:00:00</subfield>
    <subfield code="w">2006-09-22</subfield>
    <subfield code="y">BK</subfield>
  </datafield>
</record>
